000 00381pam a2200145 a 4500
020 _c
041 _h
082 _a658.4
100 _aSLOCUM (John W.)/ HELLRIEGEL (Don)
_eauthor
245 _aFundamentals of Organizational Behavior
_hTextual Document
250 _a4th Rep.
260 _bCengage Learning India Pvt. Ltd New Delhi
_c2009
300 _avi, 478
930 _a3833
999 _c832939
_d832939